| 000 | 00520nam a2200205Ia 4500 | ||
|---|---|---|---|
| 003 | OSt | ||
| 005 | 20251010164237.0 | ||
| 008 | 210210b1998 xxu||||| |||| 00| 0 eng d | ||
| 040 | _cAL | ||
| 041 | _aeng | ||
| 082 | _a510.2465 RANT | ||
| 100 |
_aRanganath G K and others _9242033 |
||
| 245 | _aText book of business mathematics Ed 3 | ||
| 250 | _a3 | ||
| 260 |
_aMumbai _bHimalaya Publishing House _c1998 |
||
| 300 | _axii,331p. | ||
| 690 |
_aBusiness Mathematics _9242034 |
||
| 906 | _a054551 | ||
| 942 |
_2ddc _cBK |
||
| 999 |
_c102626 _d102626 |
||